| Tag |
First Indicator |
Second Indicator |
Subfields |
| LEADER |
00000cam a2200000 a 4500 |
| 001 |
in00000085952 |
| 005 |
20160220063412.0 |
| 008 |
810810s1980 enka b 10010 eng |
| 010 |
|
|
|a 80040801
|
| 015 |
|
|
|a GB***
|
| 020 |
|
|
|a 0080252567
|
| 035 |
|
|
|a (OCoLC)07736274
|
| 035 |
|
|
|9 AAK4061AM
|
| 039 |
0 |
|
|a 2
|b 3
|c 3
|d 3
|e 3
|
| 040 |
|
|
|a DLC
|c DLC
|d TXA
|d UtOrBLW
|
| 049 |
|
|
|a TXAM
|c [1804900]
|
| 050 |
0 |
0 |
|a QD181.B1
|b I46 1979
|
| 082 |
0 |
|
|a 546/.671
|2 19
|
| 111 |
2 |
|
|a International Meeting on Boron Chemistry
|n (4th :
|d 1979 :
|c Salt Lake City, Utah and Snowbird, Utah)
|
| 245 |
1 |
0 |
|a Boron chemistry-4 :
|b plenary and session lectures presented at the Fourth International Meeting on Boron Chemistry, Salt Lake City and Snowbird, Utah, USA 9-13 July 1979 /
|c edited by Robert W. Parry and Goji Kodama.
|
| 264 |
|
1 |
|a Oxford ;
|a New York :
|b Pergamon Press,
|c [1980]
|
| 264 |
|
4 |
|c ©1980
|
| 300 |
|
|
|a viii, 161 pages :
|b illustrations ;
|c 28 cm.
|
| 336 |
|
|
|a text
|b txt
|2 rdacontent
|
| 337 |
|
|
|a unmediated
|b n
|2 rdamedia
|
| 338 |
|
|
|a volume
|b nc
|2 rdacarrier
|
| 500 |
|
|
|a At head of title: International Union of Pure and Applied Chemistry, Inorganic Chemistry Division.
|
| 504 |
|
|
|a Includes bibliographical references.
|
| 650 |
|
0 |
|a Boron
|x Congresses.
|
| 700 |
1 |
|
|a Parry, Robert W.
|q (Robert Walter),
|d 1917-
|
| 700 |
1 |
|
|a Kodama, Goji,
|d 1927-
|
| 710 |
2 |
|
|a International Union of Pure and Applied Chemistry.
|b Division of Inorganic Chemistry.
|
| 999 |
|
|
|a MARS
|
| 999 |
f |
f |
|s ae2546e7-cc80-3f2a-82db-25a4c4fafe18
|i de7124e4-940c-3c52-a277-664a20e0031d
|t 0
|
| 952 |
f |
f |
|p ric
|a Texas A&M University
|b Rellis Campus
|c Joint Library Facility
|d Remote Storage
|t 0
|e QD181.B1 I46 1979
|h Library of Congress classification
|i unmediated -- volume
|m A14806211177
|
| 998 |
f |
f |
|a QD181.B1 I46 1979
|t 0
|l Remote Storage
|